| 000 | 00654nam a2200205 i 4500 | ||
|---|---|---|---|
| 001 | 107533 | ||
| 003 | ES-MaACL | ||
| 005 | 20251005063105.0 | ||
| 007 | t| | ||
| 008 | 061121s1956 sp r ||||1| spa d | ||
| 100 | 1 |
_aMorcillo, Casimiro, _d1904-1971 _983188 |
|
| 245 | 1 | 0 |
_aCristo en la fábrica / _cCasimiro Morcillo González, Arzobispo de Zaragoza. |
| 260 |
_aMadrid : _bEuramérica, _c[1956?] |
||
| 300 |
_a177 p. ; _c18. |
||
| 490 | 1 |
_aBien común ; _v8 |
|
| 650 | 7 |
_aTrabajo- _xAspectos religiosos- _xCristianismo _2 _9165799 |
|
| 830 | 0 |
_aBien común ; _v8 _9183448 |
|
| 852 |
_aES-MaACL _jC-12118 _bR.40044 |
||
| 999 |
_c107533 _d107533 |
||